Bridgerton - Membres de la famille Bridgerton par image - Statistiques

Statistiques générales
  • Ce quiz a été pris 402 fois
  • Le résultat moyen est 9 sur 10
Statistiques - réponses
Par images Réponse % Correct
Daphné
98%
Benedict
97%
Eloise
96%
Colin
95%
Anthony
94%
Gregory
89%
Violet
89%
Francesca
87%
Hyacinthe
84%
Edmund
76%
Aucun quiz correspondant
Distribution des résultats
% des personnes avec chaque résultat
Percentile par nombre de réponses
Votre historique - résultats
Vous n’avez pas pris ce quiz